LEADER 00910nam0-2200313---450- 001 990009958970403321 005 20150428091423.0 035 $a000995897 035 $aFED01000995897 035 $a(Aleph)000995897FED01 035 $a000995897 100 $a20150428d2014----km-y0itay50------ba 101 0 $aeng 102 $aGB 105 $a--------001yy 200 1 $a<>Oxford handbook of culture and psychology$fediteb by Jaan Valsiner 210 $aNew York$cOxford university press$d2014 215 $a1130 p.$cfig.$d22 cm 610 0 $aEtnopsicologia 610 0 $aCulture$aAspetti sociali 676 $a155.82$v22$zita 700 1$aValsiner,$bJaan$f<1951- >$0323251 801 0$aIT$bUNINA$gRICA$2UNIMARC 901 $aBK 912 $a990009958970403321 952 $a155.82 VAL 1$b1571$fBFS 959 $aBFS 996 $aOxford handbook of culture and psychology$9822713 997 $aUNINA